[Event "ESP-chT"]
[Site "Cala Galdana"]
[Date "2001.10.20"]
[Round "8"]
[White "Cifuentes Parada, Roberto"]
[Black "Giorgadze, Giorgi"]
[Result "1/2-1/2"]
[WhiteElo "2522"]
[BlackElo "2585"]
[Annotator "Cifuentes Parada,L"]
[PlyCount "54"]
[EventDate "2001.10.13"]
[EventType "team"]
[EventRounds "9"]
[EventCountry "ESP"]
[SourceTitle "CBM 084 Extra"]
[Source "ChessBase"]
[SourceDate "2001.10.26"]
[SourceVersion "1"]
[SourceVersionDate "2001.10.26"]
[SourceQuality "1"]

1. d4 d5 2. c4 e6 3. Nf3 Nf6 4. g3 dxc4 5. Qa4+ $6 (5. Bg2 $142) 5... c6 $1 (
5... Nbd7) 6. Qxc4 b5 7. Qd3 (7. Qc2 Bb7 8. Bg2 Nbd7 9. O-O (9. Nc3 c5 $1) 9...
c5 $11) (7. Qb3 Bb7 8. Bg2 Nbd7 9. O-O a6 10. a4 c5 $1 11. axb5 Bd5 12. Qc2 {
see game}) 7... Bb7 8. Bg2 Nbd7 9. O-O a6 10. a4 (10. Nc3 c5 11. dxc5 Bxc5 12.
Bf4 O-O 13. Rad1 Qb6 14. Ng5 Bxg2 15. Kxg2 Qb7+ 16. Qf3 Qxf3+ 17. Nxf3 Rac8 $11
) 10... c5 $1 $11 11. axb5 Be4 12. Qb3 (12. Qd1 axb5 13. Rxa8 Qxa8 14. Nc3 Bc6
15. Ne1 Bxg2 16. Nxg2 b4 17. Nb5 Qc6 $15) 12... Bd5 (12... c4 13. Qxc4 $5 (13.
Qd1) 13... axb5 14. Rxa8 Qxa8 15. Qxb5 Bxb1 16. Nd2 Be4 17. Nxe4 Nxe4 18. Bf4
$13) 13. Qc2 axb5 (13... Be4 14. Qb3 Bd5 $11) 14. Rxa8 Qxa8 15. Nc3 Bc6 16.
dxc5 (16. e4 $2 Nxe4 17. Ne5 Nxe5 18. Nxe4 cxd4 (18... Nd7 $5 19. Re1 Be7 20.
dxc5 Nxc5) 19. Bf4 d3 20. Qc3 Bxe4 21. Bxe4 Qxe4 22. Bxe5 f6 $17) 16... Bxc5 $1
$15 (16... b4 17. Nb5 $3 (17. Nd1 Bxc5 $15) 17... Bxb5 18. Nd4 Qa6 19. c6 Nb6 (
19... Nc5 20. Nxb5 Qxb5 21. c7 Kd7 (21... Qd7 22. Bf4 Be7 (22... b3 23. Qc1 Be7
24. Rd1 Qc8 25. Bc6+ Kf8 26. Rd8+ Bxd8 27. Qxc5+ Be7 28. Qb5 $18) 23. Rd1 Qc8
24. Bc6+ Kf8 25. Ra1 $18) 22. Bf4 Be7 23. Rd1+ Kc8 24. Ra1 $36) 20. Nxb5 (20.
c7 Bd7) 20... Qxb5 21. c7 Kd7 (21... Qc5 22. Bc6+ Nfd7 23. Qa4 Ke7 24. Be3 Qd6
25. Rd1 $18) 22. Rd1+ Bd6 23. Bf4 e5 24. Bh6 $1 gxh6 25. Qf5+ Ke7 (25... Kxc7
$2 26. Qxf6 $18) 26. Rxd6 $1 Kxd6 27. Qxf6+ Kxc7 28. Qxh8 Qxe2 29. Qf8 $36) 17.
Ne1 $8 (17. Bg5 O-O 18. Bxf6 Nxf6 19. Nh4 b4 20. Nb1 Bxg2 21. Nxg2 Rc8 22. Qb3
$15) 17... Bxg2 18. Nxg2 b4 19. Na4 (19. Nd1 O-O 20. Nf4 Rc8 21. Qb3 Bf8 $15)
19... Be7 20. Bg5 O-O 21. Rc1 h6 22. Bxf6 Nxf6 23. Ne1 Nd5 24. Nf3 Qa6 $1 {
/\b3, xNa4,Pe2} 25. e4 $8 Nf6 26. b3 Rd8 $2 (26... Qb7 $1 $15) 27. Ne5 $1 $11
Qb5 1/2-1/2

[Event "Rishon Le Ziyyon"]
[Site "Rishon Le Ziyyon"]
[Date "1994.??.??"]
[Round "2"]
[White "Kantsler, Boris"]
[Black "Gofshtein, Leonid D"]
[Result "0-1"]
[WhiteElo "2430"]
[BlackElo "2495"]
[Annotator "Dautov,R"]
[PlyCount "54"]
[EventDate "1994.11.??"]
[EventType "tourn"]
[EventRounds "11"]
[EventCountry "ISR"]
[EventCategory "11"]
[SourceTitle "CBM 045"]
[Source "ChessBase"]
[SourceDate "1995.04.01"]
[SourceVersion "1"]
[SourceVersionDate "1995.04.01"]
[SourceQuality "1"]

1. d4 Nf6 2. c4 e6 3. Nf3 b6 4. g3 Ba6 5. b3 d5 6. Bg2 c5 7. O-O Nc6 8. cxd5
exd5 9. Bb2 (9. Nc3 $5 Rc8 $6 10. Bg5 Be7 11. dxc5 bxc5 12. Rc1 $16) 9... Rc8
10. Nc3 Be7 11. Rc1 O-O 12. Re1 {N} (12. dxc5 d4 $1 (12... bxc5 13. Na4 Re8 14.
Re1 c4 15. Nd4 Bb4 16. Bc3 Ba3 17. Rb1 Nxd4 18. Qxd4 Qd7 19. e3 Bb5 20. Red1
Bxa4 21. bxa4 Qxa4 22. Bxd5 $16 {Smyslov-Sosonko/Tilburg/1984}) 13. Nb1 bxc5
14. Nbd2 Re8 15. Nc4 Nd5 16. Ne1 $2 Bg5 17. Rb1 Nb6 18. Nxb6 axb6 $17 {
Beckhuis-Gavrikov/BL 9394}) 12... Ne4 13. Na4 $2 (13. e3 cxd4 (13... Bf6 $2 14.
Nxe4 dxe4 15. Nd2 cxd4 16. Nxe4 $16) (13... Nb4 14. Nxe4 dxe4 15. Ne5 Nd3 (
15... f6 16. a3) 16. Nxd3 Bxd3 17. dxc5 Rxc5 18. Rxc5 Bxc5 19. Qg4 g6 $10) 14.
Nxe4 dxe4 15. Nxd4 Nxd4 16. Qxd4 Qxd4 17. Bxd4 f5 $10) (13. dxc5 Nxc3 14. Bxc3
bxc5 15. e3 Qd7 16. Qd2 Rfd8 17. Red1 Qe6 18. Qb2 Bf8 $10) 13... c4 $1 14. Nc3
(14. Nd2 $2 Bb4 15. Nc3 (15. Bxe4 $2 dxe4 16. e3 Bxd2 17. Qxd2 Ne5 $19) 15...
Nxd4 16. Ncxe4 dxe4 17. Bxd4 Qxd4 18. Nxc4 Qf6 19. Bxe4 (19. Rf1 Rfd8 20. Qc2
b5 $19) 19... Rfd8 20. Bd3 Bxc4 21. Rxc4 Rxc4 22. bxc4 Bxe1 23. Qxe1 $17) (14.
bxc4 Bxc4 15. a3 b5 16. Nc3 Nxc3 17. Rxc3 b4 18. Re3 a5 $15) 14... Bb4 15. Rf1
$2 (15. bxc4 Bxc3 (15... Bxc4 16. Nxe4 dxe4 17. Nd2 Bxa2 18. Bxe4 $14) 16. Bxc3
Bxc4 17. a3 Nxc3 18. Rxc3 b5 $15) 15... Re8 $17 {><e2} 16. Nxe4 dxe4 17. Nh4 (
17. Nd2 c3 18. Bxc3 Bxc3 19. Rxc3 Bxe2 $1 20. Qxe2 Nxd4 $19) 17... c3 18. Bxc3
Bxc3 19. Rxc3 Bxe2 $1 $19 20. Qxe2 Nxd4 21. Qxe4 (21. Qe3 Rxc3 22. Qxc3 Ne2+
$19) 21... Ne2+ 22. Kh1 Rxe4 (22... Nxc3 23. Qb7 Rc7 24. Qa6 $19) 23. Rxc8 Qxc8
24. Bxe4 g6 25. Nf3 Qa6 26. Ra1 Nc3 27. Ba8 Qe2 0-1

[Event "Altensteig"]
[Site "Altensteig"]
[Date "1994.??.??"]
[Round "4"]
[White "Dautov, Rustem"]
[Black "Ribli, Zoltan"]
[Result "1/2-1/2"]
[WhiteElo "2630"]
[BlackElo "2605"]
[Annotator "Dautov,R"]
[PlyCount "31"]
[EventDate "1994.08.??"]
[EventType "tourn"]
[EventRounds "11"]
[EventCountry "GER"]
[EventCategory "12"]
[SourceTitle "CBM 043"]
[Source "ChessBase"]
[SourceDate "1994.12.01"]
[SourceVersion "1"]
[SourceVersionDate "1994.12.01"]
[SourceQuality "1"]

1. d4 Nf6 2. c4 e6 3. Nf3 d5 4. Bg5 dxc4 5. Qa4+ Nbd7 6. e4 Be7 7. Nbd2 (7. Nc3
O-O 8. Bxc4 Nb6 9. Qb3 Nxc4 10. Qxc4 b6 11. e5 Nd5 12. Bxe7 Qxe7 $10) 7... O-O
8. Bxc4 Nb6 (8... a6 9. Qc2 c5 10. e5 Nd5 11. Bxd5 exd5 12. Bxe7 Qxe7 13. O-O
b6 14. Rfe1 Rd8 15. Rac1 Bb7 16. Nf1 Rac8 17. Qf5 $14 {Mohr-Kotronias/Budapest/
1988}) (8... c5 $5 9. e5 Nd5 10. Bxe7 Qxe7 (10... Nxe7 11. dxc5 Nxc5 12. Qa3
$14) 11. Bxd5 exd5 12. O-O $13) 9. Qc2 Nxc4 (9... h6 $1 10. Bh4 $5 (10. Bxf6
Bxf6 $10) 10... g5 (10... Nxc4 11. Nxc4 $5 g5 12. Bg3 g4 13. Nfd2 Qxd4 14. Be5
Qc5 15. Qc3 $44) 11. Bg3 g4 12. Ne5 Qxd4 13. Be2 Bb4 14. O-O-O $44) 10. Nxc4 h6
(10... b6 $6 11. Nce5 Bb7 12. Nc6 Bxc6 13. Qxc6 $16) 11. Bxf6 $1 $146 (11. Bf4
b6 12. O-O-O Bb7 13. Rhe1 Qc8 14. h3 Rd8 15. Kb1 c5 $10 {Mikhalchishin-Lukacs/
Lvov/1984}) 11... Bxf6 12. O-O-O b5 $6 (12... b6 13. h4 Bb7 14. g4 $40) 13.
Nce5 $16 {><c6,c5} Bb7 14. Rhe1 $2 (14. Kb1 $1 Qd6 (14... Bxe5 15. Nxe5 $16)
15. Rhe1 Rac8 16. Nd3 $1 Qc6 (16... Bxd4 $4 17. Nxd4 Qxd4 18. Nc5 $18) 17. Qxc6
Bxc6 18. Nfe5 Be8 19. Rc1 $16) 14... Bxe5 $1 15. dxe5 (15. Nxe5 c5 $1 16. dxc5
$4 Qg5+ $19) 15... Qe7 16. Kb1 $10 (16. Kb1 Rac8 (16... c5 $6 17. Rd6) 17. Nd4
a6 18. Nc6 Bxc6 19. Qxc6 Qg5 20. g3 Qxe5 21. Qxa6 $10) 1/2-1/2

[Event "Nikolaev zt"]
[Site "Nikolaev"]
[Date "1995.??.??"]
[Round "2"]
[White "Lerner, Konstantin Z"]
[Black "Borovikov, Vladislav"]
[Result "1-0"]
[WhiteElo "2560"]
[BlackElo "2485"]
[Annotator "Dolmatov,S"]
[PlyCount "53"]
[EventDate "1995.03.??"]
[EventType "swiss"]
[EventRounds "11"]
[EventCountry "UKR"]
[SourceTitle "CBM 047"]
[Source "ChessBase"]
[SourceDate "1995.08.01"]
[SourceVersion "1"]
[SourceVersionDate "1995.08.01"]
[SourceQuality "1"]

1. d4 d5 2. c4 e6 3. Nf3 c6 4. e3 Nf6 (4... f5 $5) 5. Bd3 Nbd7 6. O-O dxc4 7.
Bxc4 b5 8. Bd3 a6 9. a4 (9. e4 c5 10. d5 e5 11. a4 c4 $13) 9... bxa4 (9... Bb7
$5 10. e4 Be7 11. Qe2 b4 (11... bxa4 $2 12. Nc3 c5 13. d5 $16 {Szabo,L-Kolarov,
V/Kecskemet/1962/}) 12. Rd1 c5 13. dxc5 Qc7 14. Bg5 Nxc5 $15 {Rajkovic,
D-Cabrilo,G/YUG/1976/}) 10. e4 (10. Nc3 c5) 10... c5 11. e5 $6 (11. d5 $5)
11... Nd5 12. Ng5 $6 (12. Nc3 Bb7 $132) 12... Be7 (12... cxd4 $5 13. Nxe6 fxe6
14. Qh5+ Ke7 15. Bg5+ N7f6 16. exf6+ gxf6 $132) 13. Qh5 g6 14. Qh6 Bf8 (14...
cxd4 $2 15. Qg7 Rf8 16. Nxh7 $16) 15. Qh3 Bg7 $2 (15... cxd4 $5 16. Bxg6 (16.
Nxe6 fxe6 17. Qxe6+ Ne7) 16... Nxe5 $17 (16... fxg6 $2 17. Qxe6+ $18)) 16. Nc3
$16 Nb4 (16... cxd4 17. Nxd5 exd5 18. e6 Ne5 19. exf7+ Nxf7 20. Re1+ $40) (
16... Bb7 17. Nce4 $40) 17. Nce4 Nxe5 (17... Nxd3 18. Nd6+ Kf8 19. Qxd3 $18)
18. dxe5 Qxd3 19. Nd6+ Kd7 (19... Ke7 20. Be3 $18) 20. Be3 Nd5 21. Rfd1 Qb3 22.
Ndxf7 Re8 23. Qxh7 Bf8 24. Ne4 Kc6 25. Bxc5 Bxc5 26. Rdc1 Kb6 27. Nxc5 1-0

[Event "Oslo"]
[Site "Oslo"]
[Date "1986.??.??"]
[Round "?"]
[White "Rantanen, Yrjo A"]
[Black "Ingbrandt, Johan"]
[Result "1-0"]
[WhiteElo "2395"]
[BlackElo "2365"]
[Annotator "Dolmatov,S"]
[PlyCount "47"]
[EventDate "1986.03.??"]
[EventType "tourn"]
[EventRounds "9"]
[EventCountry "NOR"]
[EventCategory "7"]
[SourceTitle "MCL"]
[Source "ChessBase"]
[SourceDate "1999.07.01"]
[SourceVersion "1"]
[SourceVersionDate "1999.07.01"]
[SourceQuality "1"]

1. d4 Nf6 2. c4 c5 3. e3 e6 4. Nf3 d5 5. a3 Nc6 $6 (5... cxd4 $10) 6. dxc5 Bxc5
7. b4 Bb6 (7... Be7 8. Bb2 O-O 9. Nbd2 a5 10. b5 Nb8 11. Be2 Nbd7 $14) 8. Bb2
O-O 9. Nbd2 Qe7 10. Bd3 Rd8 11. O-O e5 12. cxd5 Nxd5 (12... Rxd5 $32 13. Qb1
$14) 13. Qb1 f5 $6 14. b5 (14. Bxf5 Bxf5 15. Qxf5 Nxe3 16. fxe3 Bxe3+ 17. Kh1 (
17. Rf2 $2 Rxd2 18. Nxd2 Rf8 $17) 17... Bxd2 18. b5 Na5 19. Nxd2 Rxd2 20. Bc3
$16) 14... e4 15. Nxe4 (15. bxc6 $2 exd3 $132) 15... fxe4 16. Bxe4 Na5 (16...
Nf6 17. Bxf6 Qxf6 18. bxc6 $18) 17. Bxh7+ Kf8 (17... Kh8 18. Ne5 $18) 18. Ne5
Qe6 19. Qc2 Ne7 (19... Bd7 $32 20. Nxd7+ Qxd7 21. Rad1 Qe7 22. Qf5+ $44) 20.
Rad1 Qh6 (20... Bd7 $32 21. Qe4 $40) 21. Bc3 $18 Be6 22. Bb4 Rac8 23. Qe4 Bc7
24. Ng4 (24. Ng6+ $2 Kf7 25. Nxe7 $4 Qxh2#) 1-0

[Event "YUG-ch"]
[Site "Podgorica"]
[Date "1996.??.??"]
[Round "10"]
[White "Arsovic, Zoran"]
[Black "Karaklajic, Nikola"]
[Result "1-0"]
[WhiteElo "2460"]
[BlackElo "2400"]
[Annotator "Endgame-CD"]
[PlyCount "141"]
[EventDate "1996.02.??"]
[EventType "tourn"]
[EventRounds "15"]
[EventCountry "YUG"]
[EventCategory "9"]
[SourceTitle "CBM 053"]
[Source "ChessBase"]
[SourceDate "1996.08.01"]
[SourceVersion "1"]
[SourceVersionDate "1996.08.01"]
[SourceQuality "1"]

1. Nf3 d5 2. c4 c6 3. e3 Nf6 4. d4 e6 5. Bd3 a6 6. Nbd2 dxc4 7. Nxc4 c5 8. O-O
Nc6 9. Nfe5 Bd7 10. dxc5 Bxc5 11. b3 b5 12. Nxc6 Bxc6 13. Ne5 Bb7 14. Bb2 O-O
15. Rc1 Rc8 16. Qe2 Qe7 17. a4 Bd5 18. axb5 axb5 19. Bxb5 Ba3 20. Bc4 Bxb2 21.
Qxb2 Qb7 22. Bxd5 Nxd5 23. Rxc8 Rxc8 24. Rc1 Rb8 25. h3 h5 26. Rc4 Ne7 27. b4
Nf5 28. Qd2 Qd5 29. Qxd5 exd5 30. Rf4 g6 31. g4 hxg4 32. hxg4 Nd6 33. Rd4 Rb5
34. Nd3 Ne8 35. Nc5 Nc7 36. f4 Ne6 37. Nxe6 fxe6 38. g5 Kf7 39. e4 dxe4 40.
Rxe4 Ke7 41. Kf2 Kd6 42. Ke3 Rf5 43. Re5 Rf8 44. Re4 Kd5 45. Kd3 Rf7 46. Rd4+
Kc6 47. Kc4 Rf5 48. Re4 Kd6 49. b5 Rf8 50. Rd4+ Kc7 51. Kd3 Rf5 52. Kc4 e5 53.
fxe5 Rxe5 54. Rd5 Re1 55. Rc5+ Kb7 56. Rc6 Rc1+ 57. Kd5 Rb1 58. Kc5 Rc1+ 59.
Kd6 Rb1 60. Rc5 Kb6 61. Re5 Rf1 62. Ke7 Ka5 63. Kd6 Kb6 64. Re6 Rf5 65. Rxg6
Rxb5 $10 {Springerbauer mit weit entferntem verteidigenden König-> leicht
gewonnen.} 66. Rg8 Kb7 67. g6 Rb1 68. Ke7 Rg1 69. Kf7 Kc7 70. Re8 Kd7 71. Re4 (
71. Re4 Rf1+ 72. Kg8 Rg1 73. g7 Rh1 74. Kf7 Rf1+ 75. Kg6 Rg1+ 76. Kf6 Rf1+ 77.
Kg5 Rg1+ 78. Rg4 $18) 1-0

[Event "RUS-ch51"]
[Site "St Petersburg"]
[Date "1998.07.29"]
[Round "2"]
[White "Sakaev, Konstantin"]
[Black "Tregubov, Pavel V"]
[Result "1-0"]
[WhiteElo "2620"]
[BlackElo "2535"]
[Annotator "Epishin,V"]
[PlyCount "57"]
[EventDate "1998.07.28"]
[EventType "swiss"]
[EventRounds "11"]
[EventCountry "RUS"]
[SourceTitle "CBM 067"]
[Source "ChessBase"]
[SourceDate "1998.11.30"]
[SourceVersion "2"]
[SourceVersionDate "1998.11.01"]
[SourceQuality "1"]

1. d4 d5 2. Nf3 c6 3. c4 e6 4. Qc2 dxc4 5. Qxc4 Nf6 6. Bg5 Qb6 7. Nbd2 Qxb2 8.
Rb1 Qa3 9. e4 b6 10. Qc2 Ba6 11. Bc4 $1 $146 Bxc4 12. Nxc4 Qa6 13. O-O $1 (13.
Bxf6 gxf6 14. O-O Nd7 15. d5 Nc5 16. Nd4 cxd5 17. exd5 O-O-O 18. Nc6 Rxd5 19.
Nb4 Qa4 20. Qxa4 Nxa4 21. Nxd5 exd5 22. Ne3 d4 $14) 13... Nxe4 $8 14. Qxe4 Qxc4
15. Rbc1 $1 Qa4 (15... Qd5 16. Qxd5 exd5 17. Rfe1+ Kd7 18. Ne5+ Kc7 19. Nxf7
Rg8 20. Re8 $18) 16. Ne5 Bd6 (16... Ba3 17. Rc3 $1 (17. Rc4 Qb5 18. Qf3 O-O 19.
Qxa3 f6) (17. Nxf7 Kxf7 18. Rc3 Be7 $1 19. Re1 Qxa2) 17... O-O 18. Rh3 g6 19.
Rxh7 $18) 17. Nc4 Bc7 18. d5 O-O $8 19. dxe6 Na6 $2 (19... fxe6 20. Rc3 $1 (20.
Qxe6+ Kh8 21. Be7 Re8 22. Rc3 Na6 $17) 20... Nd7 21. Rh3 Nf6 22. Bxf6 Rxf6 23.
Qxh7+ Kf7 24. Rd3 $1 Re8 25. Rd7+ Re7 26. Rxe7+ Kxe7 27. Qxg7+ Rf7 $16) 20. Be7
f5 (20... Nc5 21. Bxc5 bxc5 22. e7 Rfe8 23. Rfe1 $16) 21. Qd3 Rfe8 22. Qd7 Kh8
23. Rc3 $18 b5 24. Bf6 $1 Rg8 25. Ne5 Bxe5 26. Bxe5 Qe4 27. f4 $1 Nc5 28. Qd6
Nb7 29. Qe7 1-0

[Event "RUS-ch 56th"]
[Site "Krasnoyarsk"]
[Date "2003.09.04"]
[Round "2"]
[White "Kharlov, Andrei"]
[Black "Sambuev, Bator"]
[Result "1-0"]
[WhiteElo "2591"]
[BlackElo "2496"]
[Annotator "Finkel,A"]
[PlyCount "67"]
[EventDate "2003.09.03"]
[EventType "swiss"]
[EventRounds "9"]
[EventCountry "RUS"]
[SourceTitle "CBM 098"]
[Source "ChessBase"]
[SourceDate "2004.02.03"]
[SourceVersion "1"]
[SourceVersionDate "2004.02.03"]
[SourceQuality "1"]

1. d4 d5 2. c4 c6 3. Nf3 e6 4. Qc2 dxc4 5. Qxc4 Nf6 6. Bg5 b5 7. Qc2 Bb7 8. e4
Nbd7 (8... Be7 9. Nbd2 (9. e5 Nd5 10. Bxe7 Qxe7 11. Nbd2 O-O 12. Ne4 Nd7 13.
Nd6 N7b6 14. Rc1 $16 {Jakobsen,O-Lahlum,H/Copenhagen 2003}) 9... h6 10. Bxf6
Bxf6 11. Be2 Qb6 12. Nb3 Nd7 13. e5 Be7 14. O-O O-O 15. Rac1 $14 {Hoffman,
A-Cruz Lopez Claret,C/Elgoibar 1991}) (8... a6 9. Nc3 Nbd7 10. e5 h6 11. Bd2 b4
12. exf6 bxc3 13. bxc3 Nxf6 14. Rb1 Rb8 15. Ne5 Bd6 16. Be2 {1/2-1/2 Ionov,
S-Solovjov,S/St Petersburg 1998}) (8... Qb6 9. Nc3 Nbd7 10. e5 (10. Bd3 h6 11.
Bf4 Rc8 12. O-O c5 13. dxc5 Qxc5 14. Qe2 b4 15. Nb5 Qb6 16. Rfc1 Bc5 $132 {
Bocharov,D-Arzumanian,G/Nefteyugansk 2002}) 10... Nd5 11. Nxd5 cxd5 12. Qb3 h6
13. Bd2 b4 14. Rc1 Ba6 15. Qa4 Bxf1 16. Rxf1 Be7 $11 {Nikolaidis,I-Najer,E/
Korinthos 2001}) 9. Bd3 (9. Be2 h6 10. Bxf6 Nxf6 11. O-O Qb6 12. Nbd2 Rc8 13.
a3 a5 14. Rfc1 Nd7 15. a4 b4 16. Nb3 Be7 17. Nfd2 Ra8 {1/2-1/2 Guliev,S-Popov,
V/Koszalin 1999}) (9. Nbd2 h6 (9... Qb6 10. a4 a6 (10... Bb4 $5 11. Bd3 h6 12.
Bxf6 Nxf6 13. O-O Nd7 14. Nb3 bxa4 15. Rxa4 O-O 16. Rc1 c5 $15 {Kuzmin,
A-Kharlov,A/Dubai UAE 2000}) 11. Be2 (11. axb5 axb5 12. Rxa8+ Bxa8 13. Be2 h6
14. Bxf6 gxf6 15. O-O Be7 16. Qc3 $14 {Dyachkov,S-Arzumanian,G/Serpukhov 2003})
11... c5 12. axb5 axb5 13. Rxa8+ Bxa8 14. O-O Bb7 15. Rc1 $14 {Krasenkov,
M-Markovsky,T/Plock,2000}) (9... a6 10. a4 h6 (10... Rc8 11. Be2 c5 12. d5 exd5
13. e5 h6 14. Bh4 g5 15. Bg3 Ne4 16. axb5 Nxg3 17. hxg3 Bg7 18. bxa6 Ba8 19.
Bb5 $16 {Kochyev,A-Rusanov,M/St.Petersburg (Russia) 1999}) 11. Bxf6 Qxf6 12. e5
Qd8 13. Bd3 Be7 14. O-O O-O 15. Ne4 c5 $11 {Karpov,A-Grischuk,A/Linares 2001}
16. h4) 10. Bh4 (10. Bxf6 Qxf6 11. Bd3 e5 (11... a6 12. O-O Rc8 13. a4 Bb4 14.
Nb3 O-O 15. e5 Qd8 16. Nc5 $14 {Hebden,M-Van der Werf,M/Hoogeveen 2003}) 12.
O-O Bd6 13. a4 bxa4 14. Nc4 O-O 15. Nxd6 Qxd6 16. Rxa4 exd4 17. Rxd4 Qe7 {
1/2-1/2 Tunik,G-Popov,V/Togliatty 2001}) 10... Qb6 11. Qb3 g5 12. Bg3 g4 13.
Ne5 Qxd4 14. Nxd7 Nxd7 15. O-O-O Qb4 16. Qc2 Qc5 $15 {Sharavdorj,D-Dao Thien
Hai/Shenyang 1999}) (9. e5 h6 10. Bd2 Nd5 11. Nc3 Nxc3 12. bxc3 Be7 13. Qe4 Qb6
14. Qg4 {Hellsten,J-Fressinet,L/Brussels 2000}) 9... Qb6 $6 {The queen is
misplaced on b6, so this move is a sourse of black's problems.} (9... a6 10. a4
(10. O-O h6 11. Bxf6 Qxf6 12. e5 Qd8 13. Nbd2 Qb6 14. a4 Rc8 (14... Be7 15. Be4
O-O 16. Nb3 Rac8 17. a5 Qa7 $132 {1-0 Grooten,H-Van der Werf,M/NED-sf
Rotterdam 2000 (63)}) 15. Qc3 c5 16. axb5 axb5 17. Qa5 c4 $11 {Vallejo Pons,
F-Marcelin,C/France 2002}) 10... h6 11. Bh4 Rc8 12. Nbd2 Qb6 13. O-O c5 14. a5
Qd8 15. e5 g5 16. Bg3 cxd4 17. Qd1 $36 {Ulibin,M-Galkin,A/Oberwart 1999}) (9...
h6 10. Bxf6 Qxf6 (10... Nxf6 11. O-O Be7 12. Nbd2 Qb6 13. Nb3 Nd7 14. Rac1 g5
15. e5 $16 {Kharlov,A-Fressinet,L/Saint Vincent 2000}) 11. O-O e5 12. a4 a6 13.
axb5 axb5 14. Rxa8+ Bxa8 15. d5 Bc5 $11 {Burmakin,V-Makarov,M/Togliatti 2003})
10. a4 a6 (10... c5 {[%csl Re4]} 11. Bxf6 (11. Bxb5 Bxe4 12. Bxd7+ Kxd7 13. Qe2
Bxf3 14. Qxf3 Qc6 $13) 11... c4 $1 12. Bxc4 (12. Bg5 cxd3 13. Qxd3 bxa4 14. Nc3
Ba6 15. Qc2 a3 16. bxa3 Rc8 $44) 12... bxc4 13. Bg5 Bb4+ 14. Nbd2 (14. Nc3 O-O
15. O-O f5 $44) 14... Rc8 15. O-O Bxd2 16. Bxd2 Nf6 17. Rfe1 Qb3 18. Qb1 $16)
11. O-O Rc8 12. Nc3 h6 (12... b4 13. a5 Qc7 14. Na4 c5 15. Rfc1 c4 16. Bxf6
gxf6 17. Qxc4 Qxc4 18. Rxc4 Rxc4 19. Bxc4 Bxe4 20. Bxa6 $16) 13. Be3 Ng4 14.
Bf4 Be7 (14... b4 15. a5 Qd8 16. Na4 c5 17. d5 $16) 15. Qe2 O-O $6 16. h3 Ngf6
17. e5 $18 {[%csl Rg8] Despite of material balance black is helpless against
numerous threats.} Nd5 18. Qe4 f5 19. exf6 Rxf6 (19... N5xf6 20. Qxe6+ Rf7 21.
Ne5 Nxe5 22. dxe5 $18 {[%cal Gd3g6]}) 20. Qh7+ Kf7 21. Ne5+ Ke8 22. Bg3 Qxd4
23. Rad1 Nxe5 24. Be4 Qb4 25. Bxe5 Kf7 26. axb5 axb5 27. Rd3 $1 {[%csl Rg7]
[%cal Gd3g3]} Rg8 28. Bxf6 Bxf6 29. Bg6+ Kf8 30. Nxd5 cxd5 31. Rf3 {[%cal
Gf3f6]} Qxb2 (31... Qd4 32. Bh5 {[%cal Gh7g6]}) 32. Rb1 Qe5 33. Rxb5 Bc6 34.
Rxf6+ 1-0

[Event "EU-Cup 19th"]
[Site "Rethymno"]
[Date "2003.09.28"]
[Round "1.1"]
[White "Fahrner, Kurt"]
[Black "Tregubov, Pavel V"]
[Result "0-1"]
[WhiteElo "2369"]
[BlackElo "2635"]
[Annotator "Finkel,A"]
[PlyCount "84"]
[EventDate "2003.09.28"]
[EventType "team-swiss"]
[EventRounds "7"]
[EventCountry "GRE"]
[SourceTitle "CBM 098"]
[Source "ChessBase"]
[SourceDate "2004.02.03"]
[SourceVersion "1"]
[SourceVersionDate "2004.02.03"]
[SourceQuality "1"]
[WhiteTeam "Graz Austria"]
[BlackTeam "Clichy Echecs 92"]
[WhiteTeamCountry "AUT"]
[BlackTeamCountry "FRA"]

1. d4 d5 2. c4 e6 3. Nf3 c6 4. Qc2 dxc4 5. Qxc4 Nf6 6. g3 b5 7. Qb3 Bb7 8. Bg2
Nbd7 9. O-O a6 10. a4 c5 11. Bf4 $6 (11. axb5 Bd5 12. Qc2 (12. Qd1 axb5 13.
Rxa8 Qxa8 14. Nc3 (14. Bg5 Ne4 15. Be3 c4 16. Nbd2 Be7 17. Nxe4 Bxe4 18. Ne1
O-O $15 {Ivanov,M-Filippov,V/Vladivostok 1995}) 14... Bc6 15. Nh4 Bxg2 16. Nxg2
b4 17. Nb5 Qc6 $11 {Papaioannou,I-Adams,M/Leon 2001}) (12. Qd3 Be4 13. Qb3 Bd5
14. Qd3 (14. Qd1 axb5 15. Rxa8 Qxa8 16. Nc3 Bc6 17. Ne1 b4 18. Nb5 Qb7 19. Bxc6
Qxc6 20. Qa4 $14 {Lunev,A-Grischuk,A/Moscow 1999}) 14... c4 15. Qc2 axb5 16.
Rxa8 Qxa8 17. Nc3 Bc6 18. d5 exd5 19. Nd4 Bc5 $132 {Bacrot,E-Dao Thien Hai/
Wijk aan Zee 1997}) 12... axb5 (12... Be4 13. Qd1 (13. Qb3 Bd5 14. Qc2 Be4 15.
Qb3 Bd5 {1/2-1/2 Xu Jun-Grischuk,A/Bled 2002}) (13. Qd2 axb5 14. Rxa8 Qxa8 15.
Nc3 Bc6 16. b3 cxd4 17. Qxd4 Bc5 18. Qd3 Qb7 19. Nh4 Bxg2 20. Nxg2 b4 21. Na4
$14 {Panchenko,A-Dziadyk,P/Kiev 2003}) 13... axb5 14. Rxa8 Qxa8 15. Bg5 (15.
Na3 Bc6 16. Nh4 Bxg2 17. Nxg2 b4 18. Nc4 cxd4 19. Qxd4 Bc5 20. Qd3 $14 {
Rashkovsky,N-Leutwyler,M/Biel 2003}) 15... Be7 16. dxc5 Nxc5 17. Nc3 Bc6 18.
Bxf6 Bxf6 19. Qc2 O-O 20. Nxb5 Qa4 {1/2-1/2 Almasi,Z-Fressinet,L/Pamplona 2001}
) 13. Rxa8 Qxa8 14. Nc3 Bc6 15. dxc5 (15. e4 Nxe4 16. Ne5 Nxe5 17. Nxe4 Nd7 18.
Re1 c4 $17 {Poldauf,D-Roiz,M/Halkidiki 2002}) 15... b4 16. Nd1 Bxc5 17. Be3 Be7
$11 {Malaniuk,V-Kharlov,A/Alushta 1992}) 11... c4 12. Qc2 (12. Qd1) 12... Be7
13. Na3 $6 {[%csl Ra3] The knight has nothing to do on a3.} Be4 14. Qd2 Qb6 15.
Rfc1 O-O 16. Bf1 $6 {White is preparing to divorce black bishop from e4, but
this plan is just too slow.} (16. Nb1) 16... Rfc8 $15 17. Ne5 Nxe5 18. Bxe5 Bd5
{[%cal Gb5b4]} 19. Nc2 (19. f3 Nd7) 19... Ne4 20. Qe1 b4 21. f3 Nf6 22. e4 Bb7
23. a5 Qa7 24. Nxb4 (24. Bxf6 $5 Bxf6 25. Qxb4 e5 26. Bxc4 Rab8 27. Qa4 Bc6 28.
Qa3 Bxe4 29. Bxf7+ Qxf7 30. fxe4 exd4 $36 {[%cal Gb8b3]}) 24... Nd7 25. Bf4 $2
(25. Kg2 $142 Nxe5 26. dxe5 Qb8) 25... Qxd4+ 26. Be3 Qxb2 27. Rab1 Qf6 28. Qf2
Ne5 29. Be2 g5 30. Bd4 Qg7 31. Kf1 (31. Nc2 Rc7 32. Rb6 Bf6 33. Rcb1 Bc8) 31...
Bf6 32. f4 $6 gxf4 33. gxf4 Ng4 34. Bxg4 Bxd4 $19 35. Qg2 Kh8 36. Nd5 Rab8 37.
Nb6 Rg8 38. Nd7 Bxe4 39. Qxe4 Rxb1 40. Rxb1 f5 41. Qxe6 Qxg4 42. Rb8 Qf3+ 0-1